| 000 | 00323nam a22001217a 4500 | ||
|---|---|---|---|
| 082 |
_a297.7 _bISH |
||
| 100 |
_aThanvi, Mulana Ashraf Ali _951060 |
||
| 245 | _aاسلام اور سائنس | ||
| 260 |
_aLahore, _bIdara islamiyat, _c1984. |
||
| 300 | _a645p. | ||
| 526 |
_a0 _b0 _c0 _d297_700000000000000_ISH |
||
| 942 |
_2ddc _cBK |
||
| 999 |
_c554075 _d554075 |
||